Salles de concerts toulousaines - Statistiques

Statistiques générales
  • Ce quiz a été pris 4 fois
  • Le résultat moyen est 2 sur 10
Statistiques - réponses
Nombre de places Salle % Correct
11 000 Zénith
100%
1 500 Bikini
50%
1 200 Casino Barrière
50%
2 200 Halle aux Grains
0%
750 La Cabane
0%
*3 495 Le Phare
0%
450 Le Taquin
0%
600 Métronum
0%
500 Rex
0%
400 Salle Nougaro
0%
Aucun quiz correspondant
Distribution des résultats
% des personnes avec chaque résultat
Percentile par nombre de réponses
Votre historique - résultats
Vous n’avez pas pris ce quiz